MyGZULibrary

Sectional anatomy for imaging professionals / (Record no. 10753)

MARC details
000 -LEADER
fixed length control field 01668cam a22004218i 4500
001 - CONTROL NUMBER
control field 20152007
003 - CONTROL NUMBER IDENTIFIER
control field GZU
005 - DATE AND TIME OF LATEST TRANSACTION
control field 20221005121453.0
008 - FIXED-LENGTH DATA ELEMENTS--GENERAL INFORMATION
fixed length control field 171122s2018 mou 000 0 eng
010 ## - LIBRARY OF CONGRESS CONTROL NUMBER
LC control number 2017056253
020 ## - INTERNATIONAL STANDARD BOOK NUMBER
International Standard Book Number 9780323414876 (pbk. : alk. paper)
022 ## - INTERNATIONAL STANDARD SERIAL NUMBER
International Standard Serial Number 9780323414876
035 ## - SYSTEM CONTROL NUMBER
System control number (DNLM)101717298
040 ## - CATALOGING SOURCE
Original cataloging agency DNLM/DLC
Description conventions rda
Transcribing agency DLC
042 ## - AUTHENTICATION CODE
Authentication code pcc
050 00 - LIBRARY OF CONGRESS CALL NUMBER
Classification number QM25
Item number KEL 2018
100 1# - MAIN ENTRY--PERSONAL NAME
Personal name Kelley, Lorrie L.,
Relator term author.
245 10 - TITLE STATEMENT
Title Sectional anatomy for imaging professionals /
Statement of responsibility, etc. Lorrie L. Kelley, Connie M. Petersen.
250 ## - EDITION STATEMENT
Edition statement Fourth edition.
263 ## - PROJECTED PUBLICATION DATE
Projected publication date 1802
264 #1 - PRODUCTION, PUBLICATION, DISTRIBUTION, MANUFACTURE, AND COPYRIGHT NOTICE
Place of production, publication, distribution, manufacture St. Louis, Missouri :
Name of producer, publisher, distributor, manufacturer Elsevier,
Date of production, publication, distribution, manufacture, or copyright notice [2018]
300 ## - PHYSICAL DESCRIPTION
Extent ix, 781 pages :
Other physical details illustrations
Dimensions cm.
336 ## - CONTENT TYPE
Content type term text
Source rdacontent
336 ## - CONTENT TYPE
Content type term still image
Source rdacontent
337 ## - MEDIA TYPE
Media type term unmediated
Source rdamedia
338 ## - CARRIER TYPE
Carrier type term volume
Source rdacarrier
504 ## - BIBLIOGRAPHY, ETC. NOTE
Bibliography, etc. note Includes bibliographical references and index
505 0# - FORMATTED CONTENTS NOTE
Formatted contents note Introduction to sectional anatomy<br/>Cranium and facial bones<br/>Brain<br/>Spine<br/>Neck<br/>Thorax<br/>Abdomen<br/>Pelvis<br/>Upper extremity joints<br/>Lower extremity joints
520 ## - SUMMARY, ETC.
Summary, etc. Resource added for the Diagnostic Medical Sonography program 105262 and Radiography 105261 program
650 12 - SUBJECT ADDED ENTRY--TOPICAL TERM
Topical term or geographic name entry element Anatomy
650 22 - SUBJECT ADDED ENTRY--TOPICAL TERM
Topical term or geographic name entry element Magnetic Resonance Imaging
650 22 - SUBJECT ADDED ENTRY--TOPICAL TERM
Topical term or geographic name entry element Tomography
655 #2 - INDEX TERM--GENRE/FORM
Genre/form data or focus term Atlases
700 1# - ADDED ENTRY--PERSONAL NAME
Personal name Petersen, Connie M.,
Relator term author.
776 08 - ADDITIONAL PHYSICAL FORM ENTRY
Relationship information Online version:
Main entry heading Kelley, Lorrie L., author.
Title Sectional anatomy for imaging professionals
Edition Fourth edition.
Place, publisher, and date of publication St. Louis, Missouri : Elsevier, [2018]
International Standard Book Number 9780323595377
Record control number (DLC) 2017056842
906 ## - LOCAL DATA ELEMENT F, LDF (RLIN)
a 7
b cbc
c orignew
d 1
e ecip
f 20
g y-gencatlg
942 ## - ADDED ENTRY ELEMENTS (KOHA)
Source of classification or shelving scheme Library of Congress Classification
Koha item type Books
Edition Fourth edition
Classification part 25
Item part KEL
Call number prefix QM
Holdings
Withdrawn status Lost status Source of classification or shelving scheme Damaged status Not for loan Collection code Home library Current library Shelving location Date acquired Source of acquisition Total Checkouts Full call number Barcode Date last seen Copy number Price effective from Koha item type Inventory number Date last checked out
    Library of Congress Classification     Non-fiction Medical Library Medical Library General Stacks 10/05/2022 Donation from ZIMCHE   QM25 KEL 2018 032569 10/05/2022 c. 1 10/05/2022 Books    
    Library of Congress Classification     Non-fiction Medical Library Medical Library General Stacks 10/06/2022 Donation: ZIMCHE 2 QM25 KEL 2018 032591 06/02/2023 c.2 10/06/2022 Books 032591 05/29/2023